00655nam a2200157 a 450000100100000000500170001000800410002704000250006808200150009310000450010824500710015326000350022430000370025995201840029699900170048000003195220200930063316.0110707s1926 dr ac 000 p spa d aDO-SdBNPbspacBNPHU axxxxbxxxx1 aMaggiolo Núñez, Julio César95811810aCamelias y rosas :bpoesías /cJulio César Maggiolo Núñez. aSanto Domingo :bs. n.,c1926. a[50] p. :bil., retrs. ;c20 cm. 0010718PDaPDbPDcCTd2011-07-07iLF1l0oxxxx xxxxp31952-10r2020-06-25w2020-06-25yLFPDzPerteneció a la biblioteca personal de Carlos Larrazábal Blanco.ZNo se presta c31443d31443